Islamic countries with the highest GDP - Statistics

General Stats
  • This quiz has been taken 62 times
  • The average score is 7 of 10
Answer Stats
GDP Islamic Country % Correct
1.8T+ Saudi Arabia
98%
1.2T+ Indonesia
89%
509B+ United Arab Emirates
82%
1.12T+ Turkey
75%
398B+ Egypt
62%
370B+ Iran
62%
403B+ Malaysia
58%
348B+ Pakistan
58%
500B+ Bangladesh
55%
480B+ Nigeria
51%
No matching quizzes found
Score Distribution
Percent of People with Each Score
Percentile by Number Answered
Your Score History
You have not taken this quiz